01598nam a22003374a 4500001001200000003000800012006001900020007001500039008004100054010001700095020003600112040002100148035002100169050002600190082002100216100002900237245012400266260006000390300001500450504005100465505024100516533015200757650006000909650004400969650003901013655002901052700002101081710001701102856012601119999001501245ebr10026234CaPaEBRm u cr cn|||||||||010918s2001 dcu sb 001 0 eng  z 2001005704 z0815700024 (cloth : alk. paper) aCaPaEBRcCaPaEBR a(OCoLC)61461155514aHE7583.U6bL58 2001eb04a338/.06/09732211 aLitan, Robert E.,d1950-10aBeyond the dot.comsh[electronic resource] :bthe economic promise of the Internet /cRobert E. Litan, Alice M. Rivlin. aWashington, D.C. :bBrookings Institution Press,c2001. aix, 130 p. aIncludes bibliographical references and index.0 aIs the internet a big deal? -- Why productivity is so important -- Productivity and the internet: what lies ahead? -- Benefits of the Internet that may not show up in the gdp -- Realizing the Internet's potential -- Concluding thoughts. aElectronic reproduction.bPalo Alto, Calif. :cebrary,d2013.nAvailable via World Wide Web.nAccess may be limited to ebrary affiliated libraries. 0aInternetxEconomic aspectszUnited StatesxForecasting. 0aIndustrial productivityzUnited States. 0aLabor productivityzUnited States. 7aElectronic books.2local1 aRivlin, Alice M.2 aebrary, Inc.40uhttp://site.ebrary.com/lib/rucke/Doc?id=10026234zAn electronic book accessible through the World Wide Web; click to view c8685d8685